Normal view
MARC view
Entry Personal Name
001 - CONTROL NUMBER
- control field: 88997
003 - CONTROL NUMBER IDENTIFIER
- control field: dpl
005 - DATE AND TIME OF LATEST TRANSACTION
- control field: 20260428114545.0
008 - FIXED-LENGTH DATA ELEMENTS
- fixed length control field: 260428|| aca||aabn | a|a d
040 ## - CATALOGING SOURCE
- Original cataloging agency: dpl
- Transcribing agency: dpl
100 ## - HEADING--PERSONAL NAME
- Personal name: Pollock, Frederick
670 ## - SOURCE DATA FOUND
- Source citation: Work cat.: (dpl)215997: Pollock, Frederick , The Specific Relief Act, 1963/, 2026
